Responsible and Sustainable Consumption: Understanding Drivers to Circular Economy Practices among Youth

Cieľom štúdie je identifikovať faktory, ktoré ovplyvňujú prijímanie produktov obehového hospodárstva mladými ľuďmi v kontexte rozvojových ázijských krajín. Výsledky ukazujú, že postoj, environmentálne obavy, morálne normy, vnímaná kontrola správania a subjektívne normy významne ovplyvňujú prijímanie...

Descripción completa

Guardado en:
Detalles Bibliográficos
Autor principal: Ubaidillah, Nur Zaimah
Otros Autores: Zulkarnain, Nur Amira Aina
Formato: Capítulo de libro
Lenguaje:inglés
Materias:
Etiquetas: Agregar Etiqueta
Sin Etiquetas, Sea el primero en etiquetar este registro!

MARC

LEADER 00000naa a2200000 4500
001 0314667
005 20260202094824.1
041 0 |a eng 
044 |a CZ 
245 1 0 |a Responsible and Sustainable Consumption: Understanding Drivers to Circular Economy Practices among Youth  |c Nur Zaimah Ubaidillah, Nur Amira Aina Zulkarnain 
520 |a Cieľom štúdie je identifikovať faktory, ktoré ovplyvňujú prijímanie produktov obehového hospodárstva mladými ľuďmi v kontexte rozvojových ázijských krajín. Výsledky ukazujú, že postoj, environmentálne obavy, morálne normy, vnímaná kontrola správania a subjektívne normy významne ovplyvňujú prijímanie produktov obehového hospodárstva. 
610 2 0 |a udržateľnosť 
610 2 0 |a rozvoj trvalo udržateľný 
610 2 0 |a hospodárstvo obehové 
610 2 0 |a hospodárstvo odpadové 
610 2 0 |a zdroje energie obnoviteľné 
610 2 0 |a mládež 
100 1 |a Ubaidillah, Nur Zaimah 
700 1 |a Zulkarnain, Nur Amira Aina